| 000 | 00685nam a2200205 i 4500 | ||
|---|---|---|---|
| 001 | 91972 | ||
| 003 | ES-MaACL | ||
| 005 | 20250828063247.0 | ||
| 007 | t| | ||
| 008 | 050311s1962 pr ||||1| spa d | ||
| 080 | _a581.9(729.1) | ||
| 100 | 1 |
_aAlain, _cHermano _919082 |
|
| 245 | 1 | 0 |
_aFlora de Cuba. _nV, _pRubiales, valerianales, cucurbitales, campanulales, asterales / _cHermano Alain (Dr. E.E. Liogier). |
| 260 |
_aRío Piedras (Puerto Rico) : _bUniversidad de Puerto Rico, _c1962. |
||
| 300 |
_a362 p. : _bil. ; _c24 cm. |
||
| 650 | 4 |
_aFlora- _zCuba. _9159172 |
|
| 710 | 2 |
_aUniversidad de Puerto Rico _97273 |
|
| 852 | 4 |
_aES-MaACL _jP-991-bis |
|
| 999 |
_c91972 _d91972 |
||